000 00286nam a2200121Ia 4500
008 241002s9999 xx 000 0 und d
082 _a923.2 BRE
100 _aBrecher, Michael
245 0 _aNehru A Political Biography
260 _aNew York:
_c1961
600 _aHistory
942 _cUC
999 _c18490
_d18490